00997nam a2200289Ia 4500001001000000003000500010008004100015010001100056040000900067082001900076100002300095245011000118300000900228440002300237500010000260650003600360700002300396700002500419901001900444902000600463905006300469910000900532942000900541942001200550999001900562952012600581Para_3318CHAP220125s1933 xx 000 0 und d a201748 cCHAP aPA-C 595.77 D5 aHall, D. G.952305 aNew method in sand fly studies (Díptera :b Chironomidae) /c by D. G. Hall, J. B. Hull and W. E. Dove a4 p. aDiptera; 79164827 aSobretiro de: Entomological News 44 (2): 29-32, 1933. Encuadernado con otros impresos similares aDípteros Chiromyidae9166667 aDove. W. E.934096 aHull, J. B. 956847 aPA-C 595.77 D5 aA a0000001933 0000000000 00 a1933 cPARA cPARAd1 c201748d201748 00102ddc4051708CaPAbPAc11d2005-10-27fPARAhVolumen: 7 l0pPA_871-26r2022-01-25 00:00:00w2022-01-25yLIBROz3